Yüklüyor......

Kaveri Ente Rektham

Detaylı Bibliyografya
Yazar: Niranjana
Diğer Yazarlar: Payyannur Kunniraman
Materyal Türü: Printed Book
Dil:English
Baskı/Yayın Bilgisi: Trivandrum Prabhath Book House 1988
Konular:
LEADER 00671nam a2200253 a 4500
001 adlib96000001
003 ViArRB
005 20151026132752.0
008 960221s1955 dcuabcdjdbkoqu001 0deng d
020
022
040 |a Adlib 
082 |a FM NIRA/K 
245 |a Kaveri Ente Rektham 
250
260 |a Trivandrum  |b Prabhath Book House  |c 1988 
300 |a 270 p 
500 |a   
100 |a Niranjana 
700 |a Payyannur Kunniraman 
942 |c BK  |6 _ 
653 |a lila  |a Alkuttam  |a FM  |a Fiction - Malayalam Literature 
999 |c 55431  |d 55431 
952 |0 0  |1 0  |4 0  |6 FM_NIRAK  |7 0  |9 68342  |a UL  |b UL  |d 2010-06-19  |o FM NIRA/K  |p 00038641  |r 2010-06-19  |w 2010-06-19  |y BK